000 00542nam a22001817a 4500
999 _c190661
_d190661
005 20220802113139.0
010 _aENG-134151
020 _a9788185800472
_c150.00
035 _aEN-117683
037 _bDBAB/PUB
082 _a345.5415
100 _aRoy, Pradip Kumar
245 _aTragic Tales From Jangalmahal/
_cPradip Kumar Roy
260 _aKolkata
_bSankar Mondal
_c2011
270 _a209A Bidhan Sarani
_bKolkata
_mdeep_prakashan@hotmail.com
_e700006
300 _a90p.
_c22cm(hb)
942 _2ddc
_cEN
_h345.5415
_mROY